000 00592nam a22001697a 4500
003 OSt
005 20260324160741.0
008 260324b |||||||| |||| 00| 0 eng d
040 _cMRSPTU
041 _aEnglish
100 _aGarima Sharma, Supervisor: Dr. Rahul Deshmukh
245 _aNeuroprotective Effect of Doxophylline In Experimental Sporadic Dementia of Alzheimer's Type In Rats
260 _bDepartment of Pharmacy, MRSPTU, Bathinda
_c2020
650 _aPharmaceutical Sciences and Technology
856 _uhttp://163.47.215.52:8080/jspui/handle/123456789/89
942 _2ddc
_cTH
_n0
999 _c11241
_d11241